000 00366nam a2200145Ia 4500
008 230917s9999||||xx |||||||||||||| ||und||
040 _e96045
_aMAIN
041 _aEnglish
082 _a380 S23C
100 _aSharma, Jaipal
245 0 _aCommercial viability of Haryana tourism corporation
260 _aRohtak
_bM D University
300 _a8.13 p.
942 _cTH
999 _c87956
_d87956